Moneda dura: Gabriela Mistral por ella misma

-д хадгалсан:
Номзүйн дэлгэрэнгүй
Үндсэн зохиолч: García-Huidobro Mac-Aulife, Cecilia (Зохиогч)
Формат: Ном
Хэл сонгох:испани
Хэвлэсэн: Santiago Catalonia 2005
Хэвлэл:1a. ed
Нөхцлүүд:
Шошгууд: Шошго нэмэх
Шошго байхгүй, Энэхүү баримтыг шошголох эхний хүн болох!

MARC

LEADER 00000nam a2200000 a 4500
001 UCJ2017
003 CL-VaPUC
008 061124e20050000CL |||||||||||||||||spa|d
020 |a 9568303286 
082 0 4 |a Ch861.092  |b GAR  |2 21 
100 |a García-Huidobro Mac-Aulife, Cecilia  |e author  |9 565544 
245 1 0 |a Moneda dura: Gabriela Mistral por ella misma 
250 |a 1a. ed 
300 |a 302 p 
942 |c BK 
945 |d 20061124 00:00:00  |a cmena 
260 |a Santiago  |b Catalonia  |c 2005 
600 0 |a Mistral, Gabriela,  |d 1889-1957  |e autora  |q Godoy Alcayaga, Lucila  |9 866296 
650 0 |a Escritores chilenos   |9 420370 
650 0 |a Entrevistas  |9 265537 
650 0 |a Vida intelectual  |9 265379 
583 |a last modification  |c 20061124 00:00:00  |k Rodrigo Vera 
999 |c 318434  |d 318432 
952 |0 0  |1 0  |4 0  |6 CH_861_092000000000000_GAR_2005  |7 0  |8 A  |9 396221  |a BIBEDU  |b BIBEDU  |d 2019-11-22  |i 4276418  |l 1  |o Ch861.092 GAR 2005  |p 4276418  |r 2022-06-10  |s 2022-06-10  |w 2019-11-22  |y BK  |k EBA